Central Library OPAC University of Rajshahi

Philosophical problems and arguments : (Record no. 979)

MARC details
000 -LEADER
fixed length control field 00806cam a2200277 a 4500
001 - CONTROL NUMBER
control field 979
003 - CONTROL NUMBER IDENTIFIER
rucl marc code BD-RjUL
005 - DATE AND TIME OF LATEST TRANSACTION
control field 20211208233247.0
008 - FIXED-LENGTH DATA ELEMENTS--GENERAL INFORMATION
fixed length control field 131124t19741968nyu b 001 0 eng
020 ## - INTERNATIONAL STANDARD BOOK NUMBER
International Standard Book Number 0023251107
035 ## - SYSTEM CONTROL NUMBER
System control number (BD-RjUL)1001
040 ## - CATALOGING SOURCE
Original cataloging agency DLC
Transcribing agency DLC
Modifying agency DLC
-- BD-RjUL
Language of cataloging eng
041 ## - LANGUAGE CODE
Language code of text/sound track or separate title eng
082 00 - DEWEY DECIMAL CLASSIFICATION NUMBER
Classification number 100
Edition number 21
Author mark and year COP 1974
100 1# - MAIN ENTRY--PERSONAL NAME
Personal name Cornman, James W.
9 (RLIN) 2863
245 10 - TITLE STATEMENT
Title Philosophical problems and arguments :
Remainder of title an introduction /
Statement of responsibility, etc. [by] James W. Cornman [and] Keith Lehrer.
250 ## - EDITION STATEMENT
Edition statement 2d ed.
260 ## - PUBLICATION, DISTRIBUTION, ETC. (IMPRINT)
Place of publication, distribution, etc. New York:
Name of publisher, distributor, etc. Macmillan,
Date of publication, distribution, etc. c1974.
300 ## - PHYSICAL DESCRIPTION
Pagination xxi, 554 p. ;
Size 21 cm.
504 ## - BIBLIOGRAPHY, ETC. NOTE
Bibliography, etc Includes indexes.
650 #0 - SUBJECT ADDED ENTRY--TOPICAL TERM
Topical term or geographic name as entry element Philosophy
Form subdivision Introductions.
9 (RLIN) 2771
700 1# - ADDED ENTRY--PERSONAL NAME
Personal name Lehrer, Keith,
Relator term joint author.
942 ## - ADDED ENTRY ELEMENTS (KOHA)
Source of classification or shelving scheme Dewey Decimal Classification
Koha item type Books
Holdings
Lost status Source of classification or shelving scheme Damaged status Not for loan Collection code Permanent Location Current Location Shelving location Date acquired Source of acquisition Total Checkouts Full call number Date last seen Copy number Koha item type
  Dewey Decimal Classification   Not For Loan Non-fiction Central Library, University of Rajshahi Central Library, University of Rajshahi Reading Room 18/02/1983 Asia Foundation, Dhaka   100 COP 1974 01/12/2013 C-1 Books